000 01017nam a22002657a 4500
005 19970904051429.3
008 970904m19271929ii a 001 0aeng
010 _aENG-95797
020 _a9788176503877
_c245.00
035 _aEN-79330
037 _bDBAD/PUB
040 _aDPL
082 _a230.65
100 _aDogra, Ramesh Chander
245 _aHindu wedding ceremonies:
_cby Ramesh Chander Dogra [and] Urmila Dogra
_ba unique tradition of life time relationship between man and woman /
260 _aNew Delhi
_bStar Publications
_c2009
270 _bNew Delhi
_e110002
_a4/5b Asaf Ali Road
_k011-23274874
300 _a48p.;
_c28 cm.(Hb)
650 _aHindu marriage customs and rites
650 _aHinduism
_xRituals
700 _aDogra, Urmila.
942 _2ddc
_cEN
_mDOG
_h230.65
999 _c33547
_d33547